Statistics for Ajax 1994/95 squad

Click here to take the quiz!

General Stats

  • This quiz has been taken 16 times
  • The average score is 13 of 26

Answer Stats

Shirt no.Player% Correct
1Edwin van der Sar
88%
6Clarence Seedorf
81%
3Danny Blind
81%
5Frank de Boer
81%
Louis van Gaal
81%
9Ronald de Boer
81%
8Edgar Davids
75%
4Frank Rijkaard
75%
10Jari Litmanen
75%
11Marc Overmars
75%
15Patrick Kluivert
75%
2Michael Reiziger
63%
7Finidi George
50%
17Sonny Silooy
44%
14Nwankwo Kanu
38%
12Fred Grim
31%
16Peter van Vossen
31%
13Winston Bogarde
31%
20Martijn Reuser
25%
22Nordin Wooter
25%
26Tarik Oulida
25%
19John van den Brom
19%
18Rob Alflen
19%
24Andriy Demchenko
13%
23Mendel Witzenhausen
13%
25Robert Gehring
6%

Score Distribution

Percentile by Number Answered

Percent of People with Each Score

Your Score History

You have not taken this quiz